|
|
|
แสดงรายละเอียดบรรณานุกรม |
|
|
Brief Record
: Get Marc (ISO 2709)
: E-mail record
: |
| LEADER 00000nam 2200000uu 4500 | |||
| 001 17564 | |||
| 003 ULIBM | |||
| 008 020711s2536 th a 000 0 tha d | |||
| 020 974-86026-2-1 | |||
| 060 WG100 | |||
| 100 สมชาติ โลจายะ,บุญชอบ พงษ์พาณิชย์ และ พันธ์ุพิษณุ์ สาครพันธ์ | |||
| 245 ตำราโรคหัวใจ และหลอดเลือด | |||
| 250 พิมพ์ครั้งที่ 2 | |||
| 260 กรุงเทพฯ :^bยูนิตี้พับลิเคชั่น,^c2536 | |||
| 300 1161 หน้า | |||
| คุณยังไม่ได้ล็อกอิน คุณสามารถมีกิจกรรมร่วมกับเว็บไซต์ได้ แต่ต้องล็อกอินก่อน :: |
|
| สถานะ | |||||||||
| 1. | นวนิยาย | WG100 2536 Barcode: 0002904 | On Shelf | ||||||
| [แสดง 1/1 รายการ] | |||||||||
BibComment |
| คอมเมนท์ทรัพยากรรายการนี้ |
|
|